|
|
|
|
| LEADER |
00000nam#a22000001ab4500 |
| 001 |
00013607 |
| 003 |
AR-BaUAD |
| 005 |
20230908135823.0 |
| 008 |
930513s1967####ag#||||##||||||||#||spa|d |
| 040 |
|
|
|a AR-BaUAD
|b spa
|c AR-BaUAD
|
| 041 |
|
|
|a spa
|
| 044 |
|
|
|c ar
|2 ISO3166-1
|
| 080 |
|
|
|a 7
|
| 111 |
1 |
|
|a Le Parc
|n (48 :
|d 1967 :
|c Buenos Aires)
|
| 245 |
1 |
0 |
|a Le Parc :
|b exposición no 48, Centro de Artes Visuales del Instituto Di Tella del 1 al 20 de agosto de 1967
|
| 260 |
|
|
|a Buenos Aires :
|b Fondo Nacional de las Artes,
|c 1967
|
| 300 |
|
|
|a 37 p. :
|b láms.
|
| 500 |
|
|
|a Contiene datos biográficos del autor.
|
| 653 |
|
|
|a ARTE
|
| 653 |
|
|
|a EXPOSICIONES
|
| 653 |
|
|
|a LE PARC, JULIO
|
| 653 |
|
|
|a ARGENTINA
|
| 655 |
|
|
|a CATALOGO
|
| 852 |
|
|
|c 72-5
|
| 952 |
|
|
|0 0
|1 0
|4 0
|6 725
|7 0
|9 532
|a AR-BaUAD
|b AR-BaUAD
|d 0000-00-00
|e donac. Fondo Nac. Artes
|g 10.00
|i 13607
|l 0
|o 72-5
|p ojd6q13607
|r 2023-09-08 13:58:23
|w 2023-09-08
|y BK
|
| 952 |
|
|
|0 0
|1 0
|4 0
|7 0
|9 533
|a AR-BaUAD
|b AR-BaUAD
|d 0000-00-00
|g 0.00
|i 31-892
|l 0
|p zjlye31-892
|r 2023-09-08 13:58:23
|w 2023-09-08
|y BK
|
| 990 |
|
|
|a Ej. No1 : 13607 . 29/12/1972 -- donac. Fondo Nac. Artes -- (10 pesos).
|b ADM
|
| 990 |
|
|
|a Ej. No2 : 31-892 . 15/12/1982
|b ADM
|
| 990 |
|
|
|a DG196
|b TD
|
| 990 |
|
|
|a DI196
|b TD
|
| 990 |
|
|
|a A196
|b TD
|
| 990 |
|
|
|a AAQ00013607
|b CC
|
| 998 |
|
|
|a AAQ
|b Bibun 76
|
| 942 |
|
|
|c BK
|
| 999 |
|
|
|c 289
|d 289
|